| 000 | 01651cam a22002775a 4500 | ||
|---|---|---|---|
| 001 | L146049 | ||
| 008 | 081204s2008 xxkd f 001 0 eng d | ||
| 020 | _a9781903307625 | ||
| 035 | _a(Sirsi) u146049 | ||
| 041 | 0 | _aeng | |
| 050 | 0 | 4 | _a347.4104 $2 18 |
| 100 | 1 | _aDavey, Francis | |
| 245 | 0 | 0 |
_aLeasehold disputes _ba guide to Leasehold Valuation Tribunals |
| 250 | _a2nd ed. | ||
| 260 |
_aLondon _bLAG education and service trust Ltd _c2008 |
||
| 300 |
_axxxi, 340p. _bill. _c21cm. |
||
| 350 | _a30.00 | ||
| 505 | 2 | _aService charges -- Tenants' right to information -- Consultation on service charges -- Insurance -- Administration charges -- Variation of leases -- Appointment of a manager -- Right to manage -- Forfeiture -- Right to buy leases -- Funding -- Procedure in the LVT -- Worked examples -- Appendices: legislation and directions; Residential Property Tribunal Service application forms; RPTS guidance on tenants' associations; useful addresses | |
| 520 | _aPractical guide for those going before, or wishing to make an application to the Leasehold Valuation Tribunal (LVT). Provides information on all relevant legislation and case law in all the usual areas of dispute. The authors present a step-by-step guide to the application and hearing processes and also address funding. This second edition provides a new chapter on 'right to buy' and expanded coverage on the new powers of the LVT. | ||
| 521 | _aAdvanced | ||
| 590 | _aKA | ||
| 651 | 4 |
_aEngland and Wales _y1543- |
|
| 690 | _aMANAGEMENT-DISPUTE AVOIDANCE, MANAGEMENT AND RESOLUTION-DISPUTE MANAGEMENT AND RESOLUTION | ||
| 700 | 1 | _aBates, Justin | |
| 942 | _n0 | ||
| 999 |
_c109030 _d109030 |
||